Inovácia postupu výroby hliníkových profilov lisovaním

Guardado en:
Detalles Bibliográficos
Autor principal: Zlatňanská, Vanesa (Autor)
Otros Autores: Sobota, Róbert (Orientador)
Formato: Manuscrito Libro
Lenguaje:eslovaco
Publicado: 2023
Materias:
Acceso en línea:http://is.stuba.sk/zp/portal_zp.pl?podrobnosti=170029
Etiquetas: Agregar Etiqueta
Sin Etiquetas, Sea el primero en etiquetar este registro!

MARC

LEADER 00000ntm a22000003a 4500
001 stuzp93588
003 SK-STU
005 20230909215522.5
007 ta
008 150427s2015----xo-----f-mn---000-0-slo-d
040 |a STU  |b slo 
041 0 |a slo 
100 1 |a Zlatňanská, Vanesa  |u 063000  |4 aut  |U MTF Materiálovotechnologická fakulta  |T MTF Ústav výrobných technológií  |X 111868  |U M3000  |Y 83  |7 111868 
242 0 1 |a Innovation of the production process of aluminum profiles by pressing  |y eng 
245 1 0 |a Inovácia postupu výroby hliníkových profilov lisovaním 
260 |c 2023 
650 4 |a inovácia  |2 slo 
650 4 |a pretlačovanie  |2 slo 
650 4 |a strihanie  |2 slo 
650 4 |a dierovanie  |2 slo 
650 4 |a innovation  |2 eng 
650 4 |a extrusion  |2 eng 
650 4 |a cutting  |2 eng 
650 4 |a punching  |2 eng 
700 1 |a Sobota, Róbert  |u 063400  |k Z1  |4 ths  |U MTF Ústav výrobných technológií  |T MTF Katedra tvárnenia kovov a plastov  |X 3784  |U M3400  |Y 163  |7 A000003784 
856 4 |u http://is.stuba.sk/zp/portal_zp.pl?podrobnosti=170029 
996 |c M* BP-9711  |l MMSKP  |s P  |a 0  |w stuzp93588_0001